| 000 | 00769nam a22002417a 4500 | ||
|---|---|---|---|
| 005 | 20170124110114.0 | ||
| 010 | _aA-493633 | ||
| 020 |
_c00.00 _a8170187133 |
||
| 035 | _aA-493633 | ||
| 037 | _bCen Lib/Ret | ||
| 040 |
_aDPL _bEN |
||
| 082 |
_aN _bGOK |
||
| 100 |
_aGokak, Vinayak Krishna _98536 |
||
| 245 |
_aThe agony and the glory : _cby Vinayak Krishna Gokak; translated by Yashoda Bhat _ba novel / |
||
| 260 |
_aNew Delhi _bB.R. Publishing Corporation _c1992 |
||
| 270 |
_bNew Delhi _a29/9, Nangia Park, Shakti Nagar _e110007 |
||
| 300 |
_axxv, 489p. _c19cm(Hb) |
||
| 490 | _aNew world literature series : 56 | ||
| 650 |
_aLiterature fiction _973132 |
||
| 650 |
_aKannada Novel _973133 |
||
| 700 |
_aBhat, Yashoda _98596 |
||
| 942 |
_2ddc _cEN _hN _mGOK |
||
| 999 |
_c130657 _d130657 |
||